The Common People : (Record no. 187226)
[ view plain ]
| 000 -LEADER | |
|---|---|
| fixed length control field | 00823 a2200169 4500 |
| 003 - CONTROL NUMBER IDENTIFIER | |
| control field | NUST |
| 005 - DATE AND TIME OF LATEST TRANSACTION | |
| control field | 20230131160008.0 |
| 040 ## - CATALOGING SOURCE | |
| Transcribing agency | Nust |
| 082 ## - DEWEY DECIMAL CLASSIFICATION NUMBER | |
| Classification number | 942,COL |
| 100 ## - MAIN ENTRY--PERSONAL NAME | |
| Personal name | Cole G.D H |
| 9 (RLIN) | 49394 |
| 245 ## - TITLE STATEMENT | |
| Title | The Common People : |
| Remainder of title | 1746-1938 / |
| Statement of responsibility, etc. | G.D Cole, Raymond Postgate |
| 260 ## - PUBLICATION, DISTRIBUTION, ETC. | |
| Place of publication, distribution, etc. | London |
| Name of publisher, distributor, etc. | Metuen & Co |
| Date of publication, distribution, etc. | 1945 |
| 300 ## - PHYSICAL DESCRIPTION | |
| Extent | 670:p. |
| 505 ## - FORMATTED CONTENTS NOTE | |
| Formatted contents note | Eighteenth Century England (Page-1), Social Movements In The Eighteenth Century (Page-87), The Industrial Revolution And The French War (Page-115), The Peace Without A Parallel (Page-185), England Under The Reform Act (Page-253), The Great Victorian Age (Page-321), Imperialism And Socialism (Page-391), The Pre War Period (Page-437), The War Years (Page-491), Post War Britain (Page-531), Britain In 1938 (Page-595). |
| 650 ## - SUBJECT ADDED ENTRY--TOPICAL TERM | |
| Topical term or geographic name entry element | England |
| 9 (RLIN) | 108302 |
| 942 ## - ADDED ENTRY ELEMENTS (KOHA) | |
| Source of classification or shelving scheme | |
| Koha item type | Book |
| Call number prefix | 942,COL |
| Withdrawn status | Lost status | Source of classification or shelving scheme | Damaged status | Not for loan | Permanent Location | Current Location | Shelving location | Date acquired | Full call number | Barcode | Date last seen | Price effective from | Koha item type | Public note |
|---|---|---|---|---|---|---|---|---|---|---|---|---|---|---|
| Military College of Signals (MCS) | Military College of Signals (MCS) | General Stacks | 12/12/2016 | 942,COL | MCS29426 | 12/08/2016 | 12/12/2016 | Book | Almirah No.60, Shelf No.5 |
